Haitian art / (Record no. 12325)

MARC details
000 -LEADER
campo de control de longitud fija 01117cam a2200325 i 4500
001 - NÚMERO DE CONTROL
campo de control 31842
005 - FECHA Y HORA DE LA ÚLTIMA TRANSACCIÓN
campo de control 20230410101711.0
008 - DATOS DE LONGITUD FIJA--INFORMACIÓN GENERAL
campo de control de longitud fija 780627s1978 nyua bc 001 0 eng
035 ## - NÚMERO DE CONTROL DEL SISTEMA
-- (DLC) 78015502
035 ## - NÚMERO DE CONTROL DEL SISTEMA
Número de control de sistema 4628426
010 ## - NÚMERO DE CONTROL DE LA BIBLIOTECA DEL CONGRESO
Número de control de LC 78015502
020 ## - NÚMERO INTERNACIONAL ESTÁNDAR DEL LIBRO
Número Internacional Estándar del Libro 0810910535 (Abrams)
020 ## - NÚMERO INTERNACIONAL ESTÁNDAR DEL LIBRO
Número Internacional Estándar del Libro 0872730697
-- pbk. :
Condiciones de disponibilidad $10.95
040 ## - FUENTE DE CATALOGACIÓN
Centro catalogador/agencia de origen DLC
Centro/agencia transcriptor DLC
Centro/agencia modificador DLC
043 ## - CÓDIGO DE ÁREA GEOGRÁFICA
Código de área geográfica nwht---
050 14 - SIGNATURA TOPOGRÁFICA DE LA BIBLIOTECA DEL CONGRESO
Número de clasificación 110 N 6606
Número de ítem H153 1978
082 00 - NÚMERO DE LA CLASIFICACIÓN DECIMAL DEWEY
Número de clasificación 709/.7294/074013
245 00 - MENCIÓN DEL TÍTULO
Título Haitian art /
Mención de responsabilidad, etc. [edited] by Ute Stebich.
260 ## - PUBLICACIÓN, DISTRIBUCIÓN, ETC.
Lugar de publicación, distribución, etc. New York :
Nombre del editor, distribuidor, etc. Brooklyn Museum : exclusively distributed by H. N. Abrams,
Fecha de publicación, distribución, etc. c1978.
300 ## - DESCRIPCIÓN FÍSICA
Extensión 176 p. :
Otras características físicas ill. (some col.) ;
Dimensiones 28 cm.
500 ## - NOTA GENERAL
Nota general Exhibition held at Brooklyn Museum, Sept. 2-Nov. 5, 1978; Milwaukee Art Center, Dec. 22, 1978-Feb. 4, 1979; and New Orleans Museum of Art, Sept. 15-Oct. 28, 1979.
504 ## - NOTA DE BIBLIOGRAFÍA, ETC.
Nota de bibliografía, etc. Bibliography: p. 172-174.
500 ## - NOTA GENERAL
Nota general Includes index.
650 #0 - PUNTO DE ACCESO ADICIONAL DE MATERIA--TÉRMINO DE MATERIA
Término de materia o nombre geográfico como elemento de entrada Art, Haitian
Subdivisión general Exhibitions.
700 1# - ENTRADA AGREGADA--NOMBRE PERSONAL
Nombre de persona Stebich, Ute,
Fechas asociadas al nombre 1942-
710 2# - ENTRADA AGREGADA--NOMBRE DE ENTIDAD CORPORATIVA
Nombre de entidad corporativa o nombre de jurisdicción como elemento de entrada Brooklyn Museum.
710 2# - ENTRADA AGREGADA--NOMBRE DE ENTIDAD CORPORATIVA
Nombre de entidad corporativa o nombre de jurisdicción como elemento de entrada Milwaukee Art Center.
710 2# - ENTRADA AGREGADA--NOMBRE DE ENTIDAD CORPORATIVA
Nombre de entidad corporativa o nombre de jurisdicción como elemento de entrada New Orleans Museum of Art.
942 ## - ELEMENTOS DE ENTRADA SECUNDARIOS (KOHA)
Fuente del sistema de clasificación o colocación Clasificación de Library of Congress
Tipo de ítem Koha
Holdings
Estatus retirado Estado de pérdida Fuente del sistema de clasificación o colocación Estado de daño No para préstamo Colección Biblioteca de origen Biblioteca actual Ubicación en estantería Fecha de adquisición Serial enumeration / chronology Signatura topográfica completa Código de barras Visto por última vez Copia número Tipo de ítem Koha
    Clasificación de Library of Congress     Recursos Regionales Biblioteca Juan Bosch Biblioteca Juan Bosch Recursos Regionales (2do. Piso) 10/04/2023 1 110 N 6606 H153 1978 00000034924 23/10/2018 1